Tāj ke ḍarāme Anārkalī par ek naẓar. (Record no. 71013)
[ view plain ]
| 000 -LEADER | |
|---|---|
| fixed length control field | 00572cam a22002171 4500 |
| 001 - CONTROL NUMBER | |
| control field | sa 66007216 |
| 003 - CONTROL NUMBER IDENTIFIER | |
| control field | DLC |
| 005 - DATE AND TIME OF LATEST TRANSACTION | |
| control field | 20260227112302.0 |
| 008 - FIXED-LENGTH DATA ELEMENTS--GENERAL INFORMATION | |
| fixed length control field | 890622s1965 ii 000 0 urdo |
| 010 ## - LIBRARY OF CONGRESS CONTROL NUMBER | |
| LC control number | sa 66007216 |
| 035 ## - SYSTEM CONTROL NUMBER | |
| System control number | (OCoLC)19914129 |
| 040 ## - CATALOGING SOURCE | |
| Original cataloging agency | DLC |
| Transcribing agency | WaU |
| Modifying agency | DLC |
| 042 ## - AUTHENTICATION CODE | |
| Authentication code | premarc |
| 050 00 - LIBRARY OF CONGRESS CALL NUMBER | |
| Classification number | PK2199.T3 |
| Item number | Z8 |
| 100 1# - MAIN ENTRY--PERSONAL NAME | |
| Personal name | Raḥmān, Rūh Afzā, |
| Dates associated with a name | 1947- |
| 245 10 - TITLE STATEMENT | |
| Title | Tāj ke ḍarāme Anārkalī par ek naẓar. |
| 260 ## - PUBLICATION, DISTRIBUTION, ETC. | |
| Date of publication, distribution, etc. | [1965] |
| 300 ## - PHYSICAL DESCRIPTION | |
| Extent | 96 p. |
| Dimensions | 18 cm. |
| 500 ## - GENERAL NOTE | |
| General note | In Urdu. |
| 600 10 - SUBJECT ADDED ENTRY--PERSONAL NAME | |
| Personal name | Tāj, Imtiyāz ʻAlī, |
| Dates associated with a name | 1900-1970. |
| Title of a work | Anārkalī. |
No items available.